000 00698nam a2200205Ia 4500
003 OSt
005 20240402152332.0
008 210210b1991 xxu||||| |||| 00| 0 eng d
040 _cAL
041 _aKannada
082 _aK894.109 JOSV
100 _aJOSHI (P V) & others.
_d ಜೋಶಿ ಪಿ.ವಿ. ಮತ್ತು ಇತರರು
_9157906
245 _aV Sitaramayya:vyaktitva kavya vaishishta.
_bವಿ.ಸೀತಾರಾಮಯ್ಯ: ವ್ಯಕ್ತಿತ್ವ ಕಾವ್ಯ ವೈಶಿಷ್ಟ್ಯ
260 _aBengaluru
_bVi Si Sampada
_c1991
300 _a41
650 _aVi Si
_9157907
690 _aKannada Poetry Criticism
_9157908
906 _a045379
942 _2ddc
_cBK
999 _c94774
_d94774